000 00320nam a2200133Ia 4500
008 190216s9999||||xx |||||||||||||| ||und||
100 _aEdward M. Purcell
245 0 _aElectricity And Magnetism
250 _a3rd Ed.
260 _bTata Mcgrawhill Publishers
_c1965
300 _a457
650 _aPhysics
942 _cBK
999 _c32809
_d32809